000 00614nam a22001817a 4500
005 20251108164059.0
008 250721s1999 xx 000 0 ara d
082 1 4 _a004.65/مست
100 1 _aالمستريحي، حسام محمد
245 1 0 _aكيف تستخدم الكمبيوتر و الإنترنت :
_bثقافه - ويندوز - وورد ... /
264 1 _aعمان :
_bدارأسامة للنشر والتوزيع،
_c1999.
300 _a240ص.
650 1 7 _aشبكات الإتصال
650 1 7 _aشبكات المعلومات
650 1 7 _aالحواسيب
942 _2ddc
_cBK
999 _c3106
_d3106